Southeast Asian Art and Culture : (Record no. 14770)
[ view plain ]
| 000 -LEADER | |
|---|---|
| fixed length control field | 00678nam a2200181 a 4500 |
| 003 - CONTROL NUMBER IDENTIFIER | |
| control field | PILC |
| 005 - DATE AND TIME OF LATEST TRANSACTION | |
| control field | 20150112093441.0 |
| 008 - FIXED-LENGTH DATA ELEMENTS--GENERAL INFORMATION | |
| fixed length control field | 100727s19uu xx 00 eng d |
| 020 ## - INTERNATIONAL STANDARD BOOK NUMBER | |
| International Standard Book Number | 9719317027 |
| 050 ## - LIBRARY OF CONGRESS CALL NUMBER | |
| Classification number | N 7311 |
| Item number | .So727 2005 |
| 082 ## - DEWEY DECIMAL CLASSIFICATION NUMBER | |
| Classification number | SFf 709.59 |
| Item number | So86 2005 |
| 100 ## - MAIN ENTRY--PERSONAL NAME | |
| Personal name | Association of Southeast Asian Nations Committee on Culture and Information |
| 9 (RLIN) | 19385 |
| 245 ## - TITLE STATEMENT | |
| Title | Southeast Asian Art and Culture : |
| Remainder of title | Ideas, forms and societies / |
| 260 ## - PUBLICATION, DISTRIBUTION, ETC. (IMPRINT) | |
| Place of publication, distribution, etc | Indonesia : |
| Name of publisher, distributor, etc | Association of Southeast Asian Nations Committee on Culture and Information, |
| Date of publication, distribution, etc | 2005. |
| 300 ## - PHYSICAL DESCRIPTION | |
| Extent | 143 pages : |
| Other physical details | colored illustration ; |
| Dimensions | 25 cm. |
| 650 ## - SUBJECT ADDED ENTRY--TOPICAL TERM | |
| Topical term or geographic name as entry element | Arts - Asian countries |
| 9 (RLIN) | 19386 |
| 942 ## - ADDED ENTRY ELEMENTS (KOHA) | |
| Source of classification or shelving scheme | Library of Congress Classification |
| Koha item type | Books |
| Withdrawn status | Lost status | Source of classification or shelving scheme | Damaged status | Home library | Current library | Shelving location | Date acquired | Total Checkouts | Full call number | Barcode | Date last seen | Date checked out | Copy number | Price effective from | Koha item type |
|---|---|---|---|---|---|---|---|---|---|---|---|---|---|---|---|
| Library of Congress Classification | Southville International School Affiliated with Foreign Universities Library | Southville International School Affiliated with Foreign Universities Library | Southville Foreign University Section | 09/13/2013 | 1 | N 7311 .So727 2005 | SFU1390 | 10/25/2018 | 10/18/2018 | 1 | 09/13/2013 | Books |